საერთო-ქართველური კონსონანტური სისტემა : (ბიბ.ჩანაწერი № 62338)
[ მარტივი ფორმატი ]
| 000 -ლიდერი | |
|---|---|
| ფიქსირებული სიგრძის საკონტროლო ველი | 01337nam a22002297a 4500 |
| 003 - საკონტროლო ნომრის იდენტიფიკატორი | |
| საკონტროლო ველი | Ge_BSU |
| 005 - ბოლო ოპერაციის თარიღი და დრო | |
| საკონტროლო ველი | 20241008103143.0 |
| 008 - ფიქსირებული სიგრძის მონაცემთა ელემენტები - ზოგადი ინფორმაცია | |
| ფიქსირებული სიგრძის საკონტროლო ველი | 241008s1965 ge ||||| |||| 00| 0 geo d |
| 041 ## - ენის კოდი | |
| Language code of text/sound track or separate title | geo |
| 080 ## - უნივერსალური ათობითი კლასიფიკაციის ინდექსი | |
| Universal Decimal Classification number | 811.353'342 მ-43 |
| 100 ## - მთავარი ჩანაწერი - პიროვნების სახელი | |
| Personal name | მაჭავარიანი, გ. |
| 9 (RLIN) | 4441 |
| 245 ## - ცნობა სათაურის შესახებ | |
| Title | საერთო-ქართველური კონსონანტური სისტემა : |
| Remainder of title | [მონოგრაფია] / |
| Statement of responsibility, etc | გ. მაჭავარიანი; რედ. გ. ახვლედიანი. |
| 264 ## - წარმოების, გამოცემის, დისტრიბუციის და სხვა ცნობები | |
| გამოცემის, წარმოების, დისტრიბუციის... ადგილი | თბ. : |
| გამოცემის, წარმოების, დისტრიბუციის... სახელწოდება | თბილ. უნ-ტის გამ-ბა, |
| გამოცემის, წარმოების, დისტრიბუციის... თარიღი | 1965. |
| 300 ## - ფიზიკური აღწერა | |
| Extent | 135 გვ. ; |
| Other physical details | 21 სმ. |
| 500 ## - ზოგადი შენიშვნა | |
| General note | შემოკლებატა განმარტება გვ. 118 სიტყვათა საძიებელი გვ. 119-134 |
| 501 ## - შენიშვნა თანმხლებ მასალაზე | |
| With note | პარალ. სათ. რუს. ენაზე |
| 653 ## - INDEX TERM--UNCONTROLLED | |
| Uncontrolled term | საერთო-ქართველური ენის კონსონანტური სისტემა |
| 700 ## - ADDED ENTRY--PERSONAL NAME | |
| Personal name | ახვლედიანი, გ. |
| Relator term | რედაქტორი |
| 9 (RLIN) | 2910 |
| 773 ## - HOST ITEM ENTRY | |
| Title | ნაჩუქარი |
| 856 ## - ELECTRONIC LOCATION AND ACCESS | |
| Uniform Resource Identifier | https://dspace.nplg.gov.ge/bitstream/1234/449305/1/Saerto_Qartveluri_Konsonanturi_Sistema_1965.pdf |
| Link text | ელ. ვერსია |
| 942 ## - ADDED ENTRY ELEMENTS (KOHA) | |
| Source of classification or shelving scheme | |
| Koha item type | წიგნი |
| ჩამოწერის სტატუსი | დაკარგული ეგზემპლარის სტატუსი | კლასიფიკაციის წყარო ან თაროზე გაწყობის სქემა | დაზიანების სტატუსი | არ გაიცემა | მუდმივი მდებარეობა (დაცვის ადგილი) | ამჟამინდელი ადგილსამყოფელი | თაროზე განთავსების ადგილი | შეძენის თარიღი | ღირებულება, შესყიდვის ნორმალური ფასი | სრული შენახვის შიფრი | შტრიხკოდი | ბოლო ოპერაციის თარიღი | ეგზემპლარის მიმდევრობითი ნომერი (კეტერი?) | ფასის ძალაში შესვლის თარიღი | ეგზემპლარის სახეობა | საჯარო შენიშვნა |
|---|---|---|---|---|---|---|---|---|---|---|---|---|---|---|---|---|
| ბათუმის შოთა რუსთაველის სახელმწიფო უნივერსიტეტის მთავარი ბიბლიოთეკა | ბათუმის შოთა რუსთაველის სახელმწიფო უნივერსიტეტის მთავარი ბიბლიოთეკა | წიგნსაცავი | 2024-10-08 | 4.00 | 811.353'342 მ-43 | 69160 | 2024-10-08 | 69160 | 2024-10-08 | წიგნი | 4 ლ. |
